[Event "XXIX Cracovia 2018"]
[Site "Krakow"]
[Date "2019.01.04"]
[Round "9"]
[White "Jankowiak, Tomasz"]
[Black "Romashov, Anton"]
[Result "1-0"]
[WhiteElo "2070"]
[BlackElo "2076"]
[Annotator "NA"]
[PlyCount "77"]
[EventDate "2018.12.27"]
[EventType "swiss"]
[EventCountry "POL"]
[SourceTitle "playchess.com"]
[Source "ChessBase"]
[SourceQuality "1"]
[TimeControl "40/5400+30:1800+30"]

1. e4 {[%emt 0:00:00]} c5 {[%emt 0:00:17]} 2. Nf3 {[%emt 0:00:00]} g6 {[%emt 0:00:13]} 3. d4 {[%emt 0:00:15]} cxd4 {[%emt 0:01:38]} 4. Nxd4 {[%emt 0:00:05]} Bg7 {[%emt 0:00:57]} 5. c4 {[%emt 0:00:18]} Nc6 {[%emt 0:00:27]} 6. Be3 {[%emt 0:00:26]} Nf6 {[%emt 0:01:12]} 7. Nc3 {[%emt 0:00:23]} Ng4 {[%emt 0:01:54]} 8. Qxg4 {[%emt 0:00:10]} Nxd4 {[%emt 0:00:04]} 9. Qd1 {[%emt 0:00:07]} e5 {[%emt 0:00:54]} 10. Bd3 {[%emt 0:01:23]} O-O {[%emt 0:01:41]} 11. O-O {[%emt 0:09:59]} d6 {[%emt 0:03:13]} 12. Qd2 {[%emt 0:02:24]} Be6 {[%emt 0:02:59]} 13. Rad1 {[%emt 0:01:08]} f5 {[%emt 0:04:36]} 14. exf5 {[%emt 0:01:58]} gxf5 {[%emt 0:00:21]} 15. Bxd4 {[%emt 0:05:09]} exd4 {[%emt 0:00:07]} 16. Ne2 {[%emt 0:00:09]} d5 {[%emt 0:11:39]} 17. c5 {[%emt 0:14:23]} Rc8 {[%emt 0:03:41]} 18. b4 {[%emt 0:06:42]} b6 {[%emt 0:04:30]} 19. Ba6 {[%emt 0:03:33]} Rb8 {[%emt 0:11:19]} 20. c6 {[%emt 0:10:44]} Qd6 {[%emt 0:04:29]} 21. Rc1 {[%emt 0:13:01]} Rf7 {[%emt 0:02:05]} 22. Nxd4 {[%emt 0:04:02]} Bxd4 {[%emt 0:00:38]} 23. Qxd4 {[%emt 0:00:07]} Rc7 {[%emt 0:01:19]} 24. Rc3 {[%emt 0:04:01]} f4 {[%emt 0:04:02]} 25. Rfc1 {[%emt 0:02:04]} Rf8 {[%emt 0:00:30]} 26. Be2 {[%emt 0:02:05]} f3 {[%emt 0:04:31]} 27. Rxf3 {[%emt 0:03:24]} Rxf3 {[%emt 0:00:28]} 28. Bxf3 {[%emt 0:00:09]} Rxc6 {[%emt 0:00:12]} 29. Rxc6 {[%emt 0:10:00]} Qxc6 {[%emt 0:00:03]} 30. g3 {[%emt 0:00:10]} Qc4 {[%emt 0:04:05]} 31. Qxc4 {[%emt 0:02:34]} dxc4 {[%emt 0:00:04]} 32. Kf1 {[%emt 0:00:08]} c3 {[%emt 0:00:06]} 33. Ke2 {[%emt 0:00:09]} Bc4+ {[%emt 0:03:43]} 34. Ke3 {[%emt 0:01:21]} a5 {[%emt 0:02:52]} 35. bxa5 {[%emt 0:02:23]} bxa5 {[%emt 0:00:15]} 36. a3 {[%emt 0:00:22]} c2 {[%emt 0:03:47]} 37. Kd2 {[%emt 0:00:06]} Bd3 {[%emt 0:00:09]} 38. Bd5+ {[%emt 0:00:32]} Kg7 {[%emt 0:00:12]} 39. Bb3 {[%emt 0:00:13]} 1-0

[Event "XXIX Cracovia 2018"]
[Site "Krakow"]
[Date "2019.01.04"]
[Round "9"]
[White "Budnik, Mateusz"]
[Black "Szwaj, Jacek"]
[Result "1-0"]
[WhiteElo "2053"]
[BlackElo "1968"]
[Annotator "NA"]
[PlyCount "119"]
[EventDate "2018.12.27"]
[EventType "swiss"]
[EventCountry "POL"]
[SourceTitle "playchess.com"]
[Source "ChessBase"]
[SourceQuality "1"]
[TimeControl "40/5400+30:1800+30"]

1. e4 {[%emt 0:06:24]} c5 2. Nf3 d6 3. d4 cxd4 4. Nxd4 Nf6 5. Nc3 a6 6. h3 e5 7. Nde2 h6 8. g4 b5 9. Bg2 Bb7 10. Ng3 Nbd7 11. O-O Rc8 {[%emt 0:04:40]} 12. Be3 Nb6 13. Bxb6 Qxb6 14. Rc1 {[%emt 1:30:36]} b4 {[%emt 0:17:44]} 15. Nb1 {[%emt 0:00:00]} g6 {[%emt 0:05:22]} 16. Re1 {[%emt 0:00:00]} Bg7 {[%emt 0:01:23]} 17. Nd2 {[%emt 0:00:00]} O-O {[%emt 0:03:18]} 18. b3 {[%emt 0:00:00]} Rfd8 {[%emt 0:09:57]} 19. Nc4 {[%emt 0:00:00]} Qc5 {[%emt 0:00:21]} 20. c3 {[%emt 0:00:00]} bxc3 {[%emt 0:03:55]} 21. Rxc3 {[%emt 0:00:00]} d5 {[%emt 0:00:22]} 22. exd5 {[%emt 0:00:00]} Rxd5 {[%emt 0:08:47]} 23. Qe2 {[%emt 0:00:00]} Rd7 {[%emt 0:06:02]} 24. Rc2 {[%emt 0:00:00]} Bxg2 {[%emt 0:05:41]} 25. Ne3 {[%emt 0:00:00]} Qf8 {[%emt 0:00:17]} 26. Kxg2 {[%emt 0:00:00]} Rxc2 {[%emt 0:01:41]} 27. Qxc2 {[%emt 0:00:00]} Qa8+ {[%emt 0:00:13]} 28. Kg1 {[%emt 0:00:00]} Nd5 {[%emt 0:03:42]} 29. Nxd5 {[%emt 0:00:00]} Rxd5 {[%emt 0:02:00]} 30. Rc1 {[%emt 0:00:00]} Qa7 {[%emt 0:02:17]} 31. Qc8+ {[%emt 0:00:00]} Kh7 {[%emt 0:03:58]} 32. Nf1 {[%emt 0:00:00]} Rd3 {[%emt 0:03:39]} 33. Rc7 {[%emt 0:00:00]} Qd4 {[%emt 0:00:43]} 34. Rxf7 {[%emt 0:00:00]} e4 {[%emt 0:06:36]} 35. Qc4 {[%emt 0:00:00]} Qe5 {[%emt 0:03:15]} 36. Qc7 {[%emt 0:00:00]} Qa1 {[%emt 0:01:03]} 37. Qc2 {[%emt 0:01:11]} Rd1 {[%emt 0:00:51]} 38. Qe2 {[%emt 0:00:16]} a5 {[%emt 0:02:26]} 39. Rc7 {[%emt 0:00:00]} Re1 {[%emt 0:00:00]} 40. Qc4 {[%emt 0:00:00]} e3 {[%emt 0:00:00]} 41. Rc8 {[%emt 0:10:55]} Rxf1+ {[%emt 0:07:51]} 42. Qxf1 {[%emt 0:00:06]} exf2+ {[%emt 0:00:09]} 43. Kg2 {[%emt 0:00:10]} Qxa2 {[%emt 0:04:05]} 44. Qc4 {[%emt 0:01:02]} f1=Q+ {[%emt 0:00:07]} 45. Kxf1 {[%emt 0:00:11]} Qa1+ {[%emt 0:00:08]} 46. Kg2 {[%emt 0:00:14]} Qb2+ {[%emt 0:00:14]} 47. Qc2 {[%emt 0:06:29]} Qe5 {[%emt 0:00:32]} 48. Rc5 {[%emt 0:01:28]} Qe1 {[%emt 0:00:10]} 49. Rc6 {[%emt 0:00:45]} Qe8 {[%emt 0:00:21]} 50. h4 {[%emt 0:00:21]} Qf7 {[%emt 0:01:52]} 51. Qe4 {[%emt 0:03:02]} Kg8 {[%emt 0:04:55]} 52. Qe6 {[%emt 0:00:53]} Qxe6 {[%emt 0:01:32]} 53. Rxe6 {[%emt 0:00:07]} Kf7 {[%emt 0:00:02]} 54. Ra6 {[%emt 0:00:04]} Bc3 {[%emt 0:00:17]} 55. h5 {[%emt 0:00:44]} gxh5 {[%emt 0:00:35]} 56. gxh5 {[%emt 0:00:00]} Kg7 {[%emt 0:00:11]} 57. Kf3 {[%emt 0:00:00]} Kh7 {[%emt 0:00:18]} 58. Ra7+ {[%emt 0:00:00]} Kg8 {[%emt 0:00:09]} 59. Kg4 {[%emt 0:00:00]} Bd2 {[%emt 0:00:22]} 60. Kf5 {[%emt 0:00:06]} 1-0

[Event "XXIX Cracovia 2018"]
[Site "Krakow"]
[Date "2019.01.04"]
[Round "9"]
[White "Smal, Tobiasz"]
[Black "Patsia, Zviad"]
[Result "1-0"]
[WhiteElo "1958"]
[BlackElo "2058"]
[Annotator "NA"]
[PlyCount "75"]
[EventDate "2018.12.27"]
[EventType "swiss"]
[EventCountry "POL"]
[SourceTitle "playchess.com"]
[Source "ChessBase"]
[SourceQuality "1"]
[TimeControl "40/5400+30:1800+30"]

1. d4 {[%emt 0:00:00]} d5 {[%emt 0:00:14]} 2. Nf3 {[%emt 0:01:32]} Nf6 {[%emt 0:00:05]} 3. Bf4 {[%emt 0:01:06]} e6 {[%emt 0:00:40]} 4. e3 {[%emt 0:00:47]} Be7 {[%emt 0:00:07]} 5. Bd3 {[%emt 0:01:39]} c5 {[%emt 0:01:49]} 6. c3 {[%emt 0:04:04]} Nbd7 {[%emt 0:17:38]} 7. Nbd2 {[%emt 0:02:23]} a6 {[%emt 0:05:22]} 8. O-O {[%emt 0:00:38]} O-O {[%emt 0:04:36]} 9. h3 {[%emt 0:00:53]} b5 {[%emt 0:04:54]} 10. a4 {[%emt 0:03:58]} c4 {[%emt 0:02:41]} 11. Bc2 {[%emt 0:05:00]} Bb7 {[%emt 0:01:01]} 12. Re1 {[%emt 0:01:46]} b4 {[%emt 0:01:43]} 13. a5 {[%emt 0:01:30]} Nb8 {[%emt 0:18:00]} 14. Ne5 {[%emt 0:03:13]} Nc6 {[%emt 0:00:31]} 15. Nxc6 {[%emt 0:01:16]} Bxc6 {[%emt 0:00:06]} 16. g4 {[%emt 0:07:05]} bxc3 {[%emt 0:03:32]} 17. bxc3 {[%emt 0:00:10]} Bd6 {[%emt 0:03:45]} 18. Bg5 {[%emt 0:11:50]} Bc7 {[%emt 0:17:43]} 19. Qf3 {[%emt 0:04:22]} Rb8 {[%emt 0:07:43]} 20. Reb1 {[%emt 0:09:15]} Rxb1+ {[%emt 0:00:42]} 21. Bxb1 {[%emt 0:00:19]} e5 {[%emt 0:01:45]} 22. dxe5 Bxe5 {[%emt 0:01:21]} 23. Bxh7+ {[%emt 0:06:56]} Kh8 {[%emt 0:03:01]} 24. Bc2 {[%emt 0:03:04]} Qd6 {[%emt 0:00:28]} 25. Bf4 {[%emt 0:02:03]} g6 {[%emt 0:01:05]} 26. Nxc4 {[%emt 0:09:50]} dxc4 {[%emt 0:00:41]} 27. Bxe5 {[%emt 0:00:08]} Qxe5 {[%emt 0:00:10]} 28. Qxc6 {[%emt 0:00:02]} Qxc3 {[%emt 0:00:13]} 29. Ra4 {[%emt 0:00:12]} Nxg4 {[%emt 0:01:01]} 30. hxg4 {[%emt 0:01:18]} Qxc2 {[%emt 0:00:06]} 31. Rxc4 {[%emt 0:00:34]} Qd1+ {[%emt 0:00:07]} 32. Kg2 {[%emt 0:00:13]} Kg7 {[%emt 0:00:12]} 33. g5 {[%emt 0:01:29]} Qd8 {[%emt 0:00:56]} 34. Qc5 {[%emt 0:02:03]} Re8 {[%emt 0:00:23]} 35. Rf4 {[%emt 0:00:34]} Qa8+ {[%emt 0:00:36]} 36. Kg3 {[%emt 0:06:00]} Re4 {[%emt 0:00:44]} 37. Rxe4 {[%emt 0:00:31]} Qxe4 {[%emt 0:00:06]} 38. Qd4+ {[%emt 0:00:03]} 1-0

[Event "XXIX Cracovia 2018"]
[Site "Krakow"]
[Date "2019.01.04"]
[Round "9"]
[White "Jankowiak, Piotr"]
[Black "Siprashvili, Ivane"]
[Result "1/2-1/2"]
[WhiteElo "1952"]
[BlackElo "2074"]
[Annotator "NA"]
[PlyCount "111"]
[EventDate "2018.12.27"]
[EventType "swiss"]
[EventCountry "POL"]
[SourceTitle "playchess.com"]
[Source "ChessBase"]
[SourceQuality "1"]
[TimeControl "40/5400+30:1800+30"]

1. d4 Nf6 2. Bf4 d6 3. Nc3 g6 4. e4 c6 5. a4 a5 6. Qd2 Qb6 7. Nf3 Bg4 8. Be2 Bg7 9. h3 Bxf3 10. Bxf3 Nfd7 11. Be3 Na6 $16 12. Be2 Nc7 13. Bc4 Qb4 14. Bb3 c5 15. Ne2 Qxd2+ 16. Kxd2 cxd4 17. Bxd4 Bxd4 18. Nxd4 Nc5 19. Ke3 e5 20. Ne2 Nxb3 21. cxb3 O-O-O 22. Nc3 d5 23. Nxd5 Nxd5+ 24. exd5 Rxd5 25. Rhd1 Rhd8 26. Rac1+ Kb8 27. Rxd5 Rxd5 28. Rc4 f5 29. b4 b5 30. axb5 Rxb5 31. bxa5 Rxb2 32. Rc5 Rb3+ 33. Ke2 e4 34. Re5 Rb7 35. g4 Rb2+ 36. Ke1 fxg4 37. hxg4 Ra2 38. Rxe4 Rxa5 39. Re8+ Kc7 40. Re7+ Kd6 41. Rxh7 Ke6 42. Rh6 Rg5 43. f3 Kf6 44. Kf2 Kg7 45. Rh1 Ra5 46. Kg3 Ra7 47. Rc1 Rb7 48. Rc3 Ra7 49. f4 Rb7 50. Kh4 Ra7 51. Kg5 Ra5+ 52. f5 gxf5 53. gxf5 Ra7 54. Rh3 Ra6 55. Rb3 Ra7 56. Rc3 1/2-1/2

[Event "XXIX Cracovia 2018"]
[Site "Krakow"]
[Date "2019.01.04"]
[Round "9"]
[White "Dzida, Kamil"]
[Black "Popescu, Florin"]
[Result "0-1"]
[WhiteElo "1951"]
[BlackElo "2099"]
[Annotator "NA"]
[PlyCount "106"]
[EventDate "2018.12.27"]
[EventType "swiss"]
[EventCountry "POL"]
[SourceTitle "playchess.com"]
[Source "ChessBase"]
[SourceQuality "1"]
[TimeControl "40/5400+30:1800+30"]

1. e4 {[%emt 0:00:00]} e6 {[%emt 0:00:00]} 2. d4 {[%emt 0:00:00]} d5 {[%emt 0:00:00]} 3. Nc3 {[%emt 0:00:10]} Nf6 {[%emt 0:00:00]} 4. Bg5 {[%emt 0:00:10]} Be7 {[%emt 0:00:00]} 5. e5 {[%emt 0:00:41]} Nfd7 {[%emt 0:00:00]} 6. Bxe7 {[%emt 0:00:15]} Qxe7 {[%emt 0:00:03]} 7. f4 {[%emt 0:00:41]} a6 {[%emt 0:00:05]} 8. Nf3 {[%emt 0:00:15]} c5 {[%emt 0:00:08]} 9. Qd2 {[%emt 0:00:36]} Nc6 {[%emt 0:00:58]} 10. O-O-O {[%emt 0:00:46]} b5 {[%emt 0:00:34]} 11. dxc5 {[%emt 0:00:12]} Qxc5 {[%emt 0:00:15]} 12. Ne2 {[%emt 0:00:26]} Nb6 {[%emt 0:03:01]} 13. Ned4 {[%emt 0:03:08]} Nxd4 {[%emt 0:00:05]} 14. Nxd4 {[%emt 0:01:05]} Bd7 {[%emt 0:02:08]} 15. g4 {[%emt 0:08:25]} h5 {[%emt 0:13:26]} 16. f5 {[%emt 0:07:07]} hxg4 {[%emt 0:00:26]} 17. Qg5 {[%emt 0:00:55]} exf5 {[%emt 0:00:44]} 18. Qxg7 {[%emt 0:10:42]} Qf8 {[%emt 0:01:22]} 19. Qg5 {[%emt 0:05:55]} Qh6 {[%emt 0:00:26]} 20. Qxh6 {[%emt 0:00:30]} Rxh6 {[%emt 0:00:05]} 21. Ne2 {[%emt 0:01:52]} Re6 {[%emt 0:03:36]} 22. Nf4 {[%emt 0:02:21]} Rxe5 {[%emt 0:00:13]} 23. Bg2 {[%emt 0:00:08]} O-O-O {[%emt 0:02:00]} 24. b3 {[%emt 0:02:53]} Rh8 {[%emt 0:13:10]} 25. Kd2 {[%emt 0:16:25]} Kc7 {[%emt 0:03:11]} 26. h4 {[%emt 0:06:25]} Kd6 {[%emt 0:09:37]} 27. Kd3 {[%emt 0:04:10]} b4 {[%emt 0:09:00]} 28. h5 {[%emt 0:03:50]} Bb5+ {[%emt 0:01:26]} 29. Kd2 {[%emt 0:02:21]} Rh6 {[%emt 0:01:44]} 30. c3 {[%emt 0:14:26]} a5 {[%emt 0:06:15]} 31. Rde1 {[%emt 0:03:00]} Rh8 {[%emt 0:05:07]} 32. a4 {[%emt 0:05:34]} bxa3 {[%emt 0:02:24]} 33. Ra1 {[%emt 0:00:01]} a4 {[%emt 0:00:13]} 34. Rxa3 {[%emt 0:00:02]} axb3 {[%emt 0:00:10]} 35. Rxb3 {[%emt 0:00:22]} Nc4+ {[%emt 0:02:05]} 36. Kc1 {[%emt 0:00:33]} Bc6 {[%emt 0:00:59]} 37. Nd3 {[%emt 0:01:17]} Re2 {[%emt 0:01:56]} 38. Bf1 {[%emt 0:00:11]} Ra2 {[%emt 0:00:19]} 39. h6 {[%emt 0:00:27]} Ba4 {[%emt 0:00:55]} 40. Rb7 {[%emt 0:00:00]} Ra1+ {[%emt 0:00:00]} 41. Rb1 {[%emt 0:00:36]} Rxb1+ {[%emt 0:04:34]} 42. Kxb1 {[%emt 0:00:56]} Nd2+ {[%emt 0:00:04]} 43. Kc1 {[%emt 0:00:33]} Nxf1 {[%emt 0:00:04]} 44. Rxf1 {[%emt 0:00:04]} Bb5 {[%emt 0:00:06]} 45. Kd2 {[%emt 0:00:10]} Bxd3 {[%emt 0:00:56]} 46. Kxd3 {[%emt 0:00:05]} Rxh6 {[%emt 0:00:18]} 47. Rxf5 {[%emt 0:00:04]} Ke6 {[%emt 0:00:14]} 48. Rf2 {[%emt 0:00:36]} Rf6 {[%emt 0:00:15]} 49. Rg2 {[%emt 0:00:44]} Rf4 {[%emt 0:00:18]} 50. Ke3 {[%emt 0:00:22]} Re4+ {[%emt 0:00:07]} 51. Kd3 {[%emt 0:00:15]} f5 {[%emt 0:00:07]} 52. Rh2 {[%emt 0:00:09]} g3 {[%emt 0:00:17]} 53. Rh8 {[%emt 0:00:39]} g2 {[%emt 0:00:08] Kd4 Ke5+} 0-1

[Event "XXIX Cracovia 2018"]
[Site "Krakow"]
[Date "2019.01.04"]
[Round "9"]
[White "Bachor, Tomasz"]
[Black "Kvaratskhelia, Dimitri"]
[Result "1/2-1/2"]
[WhiteElo "1854"]
[BlackElo "1996"]
[Annotator "NA"]
[PlyCount "109"]
[EventDate "2018.12.27"]
[EventType "swiss"]
[EventCountry "POL"]
[SourceTitle "playchess.com"]
[Source "ChessBase"]
[SourceQuality "1"]
[TimeControl "40/5400+30:1800+30"]

1. d4 Nf6 {[%emt 0:00:36]} 2. c4 {[%emt 0:00:00]} e6 {[%emt 0:00:13]} 3. Nf3 {[%emt 0:00:08]} d5 {[%emt 0:01:50]} 4. Nc3 {[%emt 0:08:23]} Be7 {[%emt 0:00:20]} 5. cxd5 {[%emt 0:01:24]} exd5 {[%emt 0:00:08]} 6. Bg5 {[%emt 0:00:42]} c6 {[%emt 0:01:06]} 7. e3 {[%emt 0:01:32]} Bf5 {[%emt 0:02:31]} 8. Bd3 {[%emt 0:03:04]} Bxd3 {[%emt 0:00:09]} 9. Qxd3 {[%emt 0:00:04]} Nbd7 {[%emt 0:00:18]} 10. O-O {[%emt 0:02:29]} O-O {[%emt 0:00:07]} 11. Rab1 {[%emt 0:12:04]} a5 {[%emt 0:00:45]} 12. a3 {[%emt 0:04:34]} Re8 {[%emt 0:02:30]} 13. b4 {[%emt 0:03:07]} axb4 $11 {[%emt 0:01:01] LiveBook: 3 Games} 14. axb4 {[%emt 0:00:07]} Ne4 {[%emt 0:05:35]} 15. Bxe7 {[%emt 0:05:20]} Qxe7 {[%emt 0:00:48]} 16. Qc2 {[%emt 0:09:12]} Nd6 {[%emt 0:10:50]} 17. Na4 {[%emt 0:11:41]} Nc4 {[%emt 0:01:06]} 18. Qb3 {[%emt 0:03:00]} b5 {[%emt 0:02:02]} 19. Nc5 {[%emt 0:02:50]} Ra3 {[%emt 0:02:39]} 20. Qc2 {[%emt 0:00:20]} Rea8 {[%emt 0:01:06]} 21. Qf5 {[%emt 0:03:09]} Ndb6 {[%emt 0:04:17]} 22. Rfe1 {[%emt 0:02:28]} g6 {[%emt 0:06:18]} 23. Qf4 {[%emt 0:03:06]} f5 {[%emt 0:06:29]} 24. h4 {[%emt 0:04:24]} Na4 {[%emt 0:05:24]} 25. Ra1 {[%emt 0:04:57]} Nc3 {[%emt 0:01:42]} 26. Rxa3 {[%emt 0:00:05]} Nxa3 {[%emt 0:05:07]} 27. Kf1 {[%emt 0:01:05]} Nc4 {[%emt 0:01:01]} 28. h5 {[%emt 0:03:37]} Ne4 {[%emt 0:03:21]} 29. hxg6 {[%emt 0:00:56]} hxg6 {[%emt 0:00:16]} 30. g3 {[%emt 0:02:09]} Ra2 {[%emt 0:07:19]} 31. Qb8+ {[%emt 0:01:49]} Qf8 {[%emt 0:06:39]} 32. Qxf8+ {[%emt 0:00:13]} Kxf8 {[%emt 0:00:02]} 33. Re2 {[%emt 0:00:20]} Ra7 {[%emt 0:04:00]} 34. Kg2 {[%emt 0:01:33]} Ke7 {[%emt 0:01:50]} 35. Nd3 {[%emt 0:00:55]} g5 {[%emt 0:02:40]} 36. g4 {[%emt 0:01:54]} fxg4 {[%emt 0:05:35]} 37. Nfe5 {[%emt 0:00:07]} Kd6 {[%emt 0:00:28]} 38. Nxg4 {[%emt 0:00:19]} Ra3 {[%emt 0:03:52]} 39. Nge5 {[%emt 0:02:47]} Ra1 {[%emt 0:05:44]} 40. Rc2 {[%emt 0:00:00]} Ra3 {[%emt 0:00:00]} 41. Kf3 {[%emt 0:10:42]} Nf6 {[%emt 0:06:42]} 42. Kg3 {[%emt 0:02:18]} Nd7 {[%emt 0:08:02]} 43. Kg4 {[%emt 0:06:17]} Ndxe5+ {[%emt 0:01:01]} 44. Nxe5 {[%emt 0:00:37]} Rb3 {[%emt 0:02:16]} 45. Kxg5 {[%emt 0:01:20]} Rxb4 {[%emt 0:00:25]} 46. Kf6 {[%emt 0:03:37]} Ra4 {[%emt 0:01:36]} 47. f4 {[%emt 0:01:49]} Ra3 {[%emt 0:04:53]} 48. Rh2 {[%emt 0:01:54]} Ra7 {[%emt 0:04:26]} 49. Rh8 {[%emt 0:03:35]} Nxe3 {[%emt 0:04:54]} 50. Rd8+ {[%emt 0:01:14]} Kc7 {[%emt 0:00:07]} 51. Rd7+ {[%emt 0:00:05]} Kb6 {[%emt 0:00:36]} 52. Rxa7 {[%emt 0:00:17]} Kxa7 {[%emt 0:00:01]} 53. Nxc6+ {[%emt 0:00:07]} Kb6 {[%emt 0:00:16]} 54. Nb4 {[%emt 0:00:25]} Ka5 {[%emt 0:00:16]} 55. Nd3 {[%emt 0:00:13]} 1/2-1/2